[Event "St Petersburg Korchnoi Memorial op"]
[Site "St Petersburg"]
[Date "2018.08.22"]
[Round "8"]
[White "Pavlov, Mark"]
[Black "Agashin, Aleksandr"]
[Result "1-0"]
[WhiteElo "1847"]
[BlackElo "1477"]
[PlyCount "75"]
[EventDate "2018.08.15"]
[EventType "swiss"]
[EventRounds "9"]
[EventCountry "RUS"]
[SourceTitle "CBM 186 Extra"]
[Source "ChessBase"]
[SourceDate "2018.08.24"]
[SourceVersion "1"]
[SourceVersionDate "2018.08.24"]
[SourceQuality "1"]

1. d4 Nf6 2. Nf3 e6 3. e3 c5 4. Bd3 Nc6 5. 0-0 d5 6. b3 Be7 7. Bb2 0-0 8. Nbd2 Bd7 9. Ne5 Nxe5 10. dxe5 Ne8 11. f4 f5 12. Kh1 Bc6 13. Nf3 b5 14. Qe1 a5 15. Qg3 Qb6 16. Rfd1 a4 17. Rab1 axb3 18. axb3 b4 19. h4 Bb5 20. Bxb5 Qxb5 21. Qf2 Nc7 22. Rg1 h5 23. Rgd1 Ra2 24. Qg3 Rfa8 25. c4 bxc3 26. Bxc3 Re2 27. b4 Rxe3 28. bxc5 Qc6 29. Bd4 Re2 30. Rb6 Qa4 31. Ra1 Qxa1+ 32. Bxa1 Rxa1+ 33. Kh2 Bxc5 34. Rc6 Bf2 35. Qg5 Ra7 36. Rxc7 Rxc7 37. Qd8+ Kh7 38. Ng5+ 1-0

[Event "St Petersburg Korchnoi Memorial op"]
[Site "St Petersburg"]
[Date "2018.08.17"]
[Round "3"]
[White "Nikolaev, Alexandr"]
[Black "Agashin, Aleksandr"]
[Result "1-0"]
[WhiteElo "1765"]
[BlackElo "1477"]
[PlyCount "115"]
[EventDate "2018.08.15"]
[EventType "swiss"]
[EventRounds "9"]
[EventCountry "RUS"]
[SourceTitle "CBM 186 Extra"]
[Source "ChessBase"]
[SourceDate "2018.08.24"]
[SourceVersion "1"]
[SourceVersionDate "2018.08.24"]
[SourceQuality "1"]

1. e4 c5 2. Nf3 d6 3. d4 cxd4 4. Nxd4 Nf6 5. Nc3 a6 6. f3 e6 7. Be3 Be7 8. Qd2 Nc6 9. 0-0-0 Bd7 10. g4 h6 11. h4 b5 12. Be2 b4 13. Nb1 Qa5 14. Bc4 h5 15. g5 Nh7 16. Nxc6 Bxc6 17. a3 Rb8 18. axb4 Qxb4 19. Qxb4 Rxb4 20. Bxa6 0-0 21. Bd4 e5 22. Bc3 Ra4 23. Be2 f5 24. b3 Ra7 25. g6 Nf6 26. exf5 Nd7 27. Bb4 Nc5 28. Bxc5 dxc5 29. Bc4+ Kh8 30. Bd5 Bxd5 31. Rxd5 Rxf5 32. Rh3 Ra6 33. Rd7 Bf8 34. Rg3 Rff6 35. Rd8 Kg8 36. Rg5 Rxf3 37. Rxe5 Rxg6 38. Rxc5 Rg1+ 39. Kb2 g6 40. Rc4 Kh7 41. Nd2 Bg7+ 42. c3 Rf2 43. Rd7 g5 44. Rc5 Rfg2 45. b4 Kg6 46. Rd6+ Bf6 47. Kb3 Rd1 48. hxg5 Rdxd2 49. Rxf6+ Kg7 50. Rc7+ Kg8 51. Rg6+ Kf8 52. Rh6 Rb2+ 53. Ka4 Ra2+ 54. Kb5 Rxg5+ 55. Rc5 Rag2 56. Rxh5 Rg6 57. Rh7 Kg8 58. Rd7 1-0